Provinces d'Argentine (avec carte) - Statistiques

Statistiques générales
  • Ce quiz a été pris 1 844 fois
  • Le résultat moyen est 13 sur 24
Réponses sur la Carte
Les réponses sont colorées sur une échelle allant du rouge au vert en fonction du pourcentage des utilisateurs qui les ont devinées à leur premier essai. Vous pouvez retrouver ces pourcentages ci-dessous.
 
Statistiques - réponses
Province % Correct
Buenos Aires
95%
Ville de Buenos Aires
95%
Terre de feu
77%
Córdoba
70%
La Pampa
63%
Mendoza
63%
Jujuy
58%
Salta
57%
Santa Fe
57%
Misiones
53%
Rio Negro
53%
Chubut
49%
San Juan
48%
Santa Cruz
48%
Tucumán
48%
San Luis
46%
Entre Ríos
45%
Neuquén
45%
Corrientes
44%
Chaco
41%
Formosa
36%
La Rioja
36%
Catamarca
35%
Santiago del Estero
34%
Aucun quiz correspondant
Distribution des résultats
% des personnes avec chaque résultat
Percentile par nombre de réponses
Votre historique - résultats
Vous n’avez pas pris ce quiz